Vestnik statistiki organ Central'nogo statističeskogo upravlenija SSSR

Guardado en:
Detalles Bibliográficos
Formato: Seriadas
Lenguaje:ruso
Publicado: Moskva Statistika
Etiquetas: Agregar Etiqueta
Sin Etiquetas, Sea el primero en etiquetar este registro!

MARC

LEADER 00000nas1a22000001 4500
001 s120886
005 20230808115241.7
041 0 |a rus 
044 |a RU 
245 1 0 |a Vestnik statistiki  |b organ Central'nogo statističeskogo upravlenija SSSR 
264 1 |a Moskva  |b Statistika